1009 1282 1382 1640 1500 1902 1343 1928 1242 1530 1107 1571 1978 1395 1823 1365 1124 1234 1713 1462 1415 1681 1382 1296 1007 1383 1706 1848 1497 1687 1581 1150 1699 1212 1259 1625 1036 1432 1913 1041 1555 1035 1379 1944 1126 1195 1681 1412 1731 1791 1298 1664 1721 1753 1825 1555 1219 1640 1472 1475 1213 1305 1016 1274 1341 1737 1481 1975 1497 1836 1522 1702 1980 1340 1926 1050 1485 1033 1073 1248 1373 1054 1386 1055 1756 1205 1280 1019 1249 1712 1175 1313 1118 1161 1654 1606 1395 1881 1689 BCNSPRNW ULIB Ver.6.0+V

เปลี่ยนเป็นภาษาไทย

Change to English
 แสดงรายละเอียดบรรณานุกรม
  กลับหน้าหลัก

Brief Record : Get Marc (ISO 2709) : E-mail record : QR code < ปิดหน้าต่าง
LEADER : 00000nam 2200000uu 4500
001    13399127162
003     ULIB
008    191018s2561||||th 000 0 tha d
020 ^- ^a9786160622580
050 ^- ^aนว.^bร442บ
100 ^- ^aราตรีนิมิต.
245 10 ^aบุพเพรักร้อยลิขิต /^cราตรีนิมิต.
250 ^- ^aพิมพ์ครั้งที่ 1.
260 ^- ^aกรุงเทพฯ :^bแจ่มใส พับลิชชิ่ง,^c2561
300 ^- ^a450 หน้า.
945    ^p319^l0^i006348
999    ^aประนอม เกษจรัล
รายการนี้ยังไม่มีแท็ก
คุณยังไม่ได้ล็อกอิน คุณสามารถมีกิจกรรมร่วมกับเว็บไซต์ได้ แต่ต้องล็อกอินก่อน ::
  ล็อกอิน

รายการสื่อสารสนเทศ

ลำดับที่ ประเภท เลขเรียก/บาร์โค้ด สถานที่ สถานะ
1. นวนิยาย
นวนิยาย
นว. ร442บ ฉ.1 
  Barcode: 006348
ห้องสมุดวิทยาเขตนครสวรรค์
►นวนิยาย:l:Fiction
บนชั้น

รายการใกล้เคียง
    ผู้แต่ง [ราตรีนิมิต.]

BibComment


ยังไม่เคยถูกคอมเมนท์

คอมเมนท์ทรัพยากรรายการนี้
  คอมเมนท์: บุพเพรักร้อยลิขิ..


 Copyright 2026. Bcnsprnw @Library